000 00872 a2200325 4500
005 20250814141444.0
008 250814b |||||||| |||| 00| 0 eng d
044 _aCIV
090 _bDG/N/3087
090 _bDG/N/3088
090 _bDG/N/3089
100 _aKONAN, Konan Jean Louis
100 _aN'CHO, Yavoh Pierre
100 _aROLAND, Bourdeix
110 _aCentre National de Recherche Agronomique
110 _bCote d'Ivoire
245 _aCocotier : guide des varietes traditionnelles et ameliorees
250 _aDiversiflora
260 _aCote d'Ivoire
260 _bCNRA
260 _bCIRAD
302 _a104 p.
388 _a2025-08-14
650 _2AGROVOC
_gCote d'Ivoire
650 _gCocotier
_2AGROVOC
650 _gGuide
_2AGROVOC
650 _gVariete
_2AGROVOC
650 _gTraditionnelle
_2AGROVOC
650 _gAmelioration
_2AGROVOC
999 _c5965
_d5965